| 000 | 01281nam0a22002651 4500 | ||
|---|---|---|---|
| 001 | rc\3472076 | ||
| 005 | 20250610010242.0 | ||
| 035 | _a(NLR Aleph) 007597147 | ||
| 090 |
_a5674124 _c5674124 |
||
| 100 | _a20130115a19729999|||y0rusy50 ca | ||
| 101 | 0 | _arus | |
| 102 | _aRU | ||
| 105 | _ay c ||||| | ||
| 200 | 1 |
_aНумерационный указатель первичных заявок на патенты США _fКом. по делам изобретений и открытий при Совете Министров СССР. Центр. науч.-исслед. ин-т патентной информации и техн.-экон. исследований |
|
| 210 |
_aМосква _cБ. и. _d1972- |
||
| 225 | 1 | _aСША | |
| 300 | _aНа обл. также: Соединенные Штаты Америки | ||
| 309 | _aОтпеч. множит. аппаратом | ||
| 512 | 0 | _aСоединенные Штаты Америки | |
| 801 | 0 |
_aRU _bNLR _gpsbo |
|
| 801 | 1 |
_aRU _bELAR _2rusmarc |
|
| 830 | _aПеречень имеющихся в библиотеке томов, номеров, годов этого издания смотри в каталоге периодических изданий | ||
| 852 |
_aNLR _jПт П2/15 |
||
| 942 | _cBOOK | ||
| 980 | _aNB | ||